<?xml version="1.0" encoding="UTF-8"?>
<record
    xmlns:xsi="http://www.w3.org/2001/XMLSchema-instance"
    xsi:schemaLocation="http://www.loc.gov/MARC21/slim http://www.loc.gov/standards/marcxml/schema/MARC21slim.xsd"
    xmlns="http://www.loc.gov/MARC21/slim">

  <leader>01019nam a2200181   4500</leader>
  <datafield tag="999" ind1=" " ind2=" ">
    <subfield code="c">63796</subfield>
    <subfield code="d">63796</subfield>
  </datafield>
  <controlfield tag="003">Ge_BSU</controlfield>
  <controlfield tag="005">20260115143709.0</controlfield>
  <controlfield tag="008">260115s1947    ge ||||| |||| 00| 0 geo d</controlfield>
  <datafield tag="041" ind1=" " ind2=" ">
    <subfield code="a">geo</subfield>
  </datafield>
  <datafield tag="080" ind1=" " ind2=" ">
    <subfield code="a">330.342.11/13 &#x10DD;-76</subfield>
  </datafield>
  <datafield tag="100" ind1=" " ind2=" ">
    <subfield code="a">&#x10DD;&#x10E1;&#x10E2;&#x10E0;&#x10DD;&#x10D5;&#x10D8;&#x10E2;&#x10D8;&#x10D0;&#x10DC;&#x10DD;&#x10D5;&#x10D8;, &#x10D9;.&#x10D5;.</subfield>
    <subfield code="9">26689</subfield>
  </datafield>
  <datafield tag="245" ind1=" " ind2=" ">
    <subfield code="a">&#x10D9;&#x10D0;&#x10DE;&#x10D8;&#x10E2;&#x10D0;&#x10DA;&#x10D8;&#x10D6;&#x10DB;&#x10D0;&#x10DB;&#x10D3;&#x10D4;&#x10DA; &#x10E4;&#x10DD;&#x10E0;&#x10DB;&#x10D0;&#x10EA;&#x10D8;&#x10D0;&#x10D7;&#x10D0; &#x10D4;&#x10D9;&#x10DD;&#x10DC;&#x10DD;&#x10DB;&#x10D8;&#x10D9;&#x10D8;&#x10E1; &#x10DC;&#x10D0;&#x10E0;&#x10D9;&#x10D5;&#x10D4;&#x10D5;&#x10D4;&#x10D1;&#x10D8; / </subfield>
    <subfield code="c">&#x10D9;.&#x10D5;. &#x10DD;&#x10E1;&#x10E2;&#x10E0;&#x10DD;&#x10D5;&#x10D8;&#x10E2;&#x10D8;&#x10D0;&#x10DC;&#x10DD;&#x10D5;&#x10D8;; &#x10E1;&#x10E1;&#x10E0;&#x10D9; &#x10DB;&#x10D4;&#x10EA;&#x10DC;. &#x10D0;&#x10D9;&#x10D0;&#x10D3;., &#x10D4;&#x10D9;&#x10DD;&#x10DC;&#x10DD;&#x10DB;&#x10D8;&#x10D9;&#x10D8;&#x10E1; &#x10D8;&#x10DC;-&#x10E2;&#x10D8;.</subfield>
  </datafield>
  <datafield tag="264" ind1=" " ind2=" ">
    <subfield code="a">&#x10D7;&#x10D1;&#x10D8;&#x10DA;&#x10D8;&#x10E1;&#x10D8; : </subfield>
    <subfield code="b">&#x10D7;&#x10D1;&#x10D8;&#x10DA;. &#x10E3;&#x10DC;-&#x10E2;&#x10D8;&#x10E1; &#x10D2;&#x10D0;&#x10DB;-&#x10D1;&#x10D0; &#x10D3;&#x10D0; &#x10E1;&#x10E2;., </subfield>
    <subfield code="c">1947.</subfield>
  </datafield>
  <datafield tag="300" ind1=" " ind2=" ">
    <subfield code="a">170 &#x10D2;&#x10D5;. ; </subfield>
    <subfield code="b">21 &#x10E1;&#x10DB;.</subfield>
  </datafield>
  <datafield tag="504" ind1=" " ind2=" ">
    <subfield code="a">&#x10D1;&#x10D8;&#x10D1;&#x10DA;&#x10D8;&#x10DD;&#x10D2;&#x10E0;&#x10D0;&#x10E4;&#x10D8;&#x10D0;: &#x10DA;&#x10D8;&#x10E2;-&#x10E0;&#x10D0; &#x10E8;&#x10D4;&#x10DC;&#x10D8;&#x10E8;&#x10D5;&#x10DC;&#x10D4;&#x10D1;&#x10E8;&#x10D8;</subfield>
  </datafield>
  <datafield tag="653" ind1=" " ind2=" ">
    <subfield code="a">&#x10D9;&#x10D0;&#x10DE;&#x10D8;&#x10E2;&#x10D0;&#x10DA;&#x10D8;&#x10D6;&#x10DB;&#x10D0;&#x10DB;&#x10D3;&#x10D4;&#x10DA;&#x10D8; &#x10D4;&#x10D9;&#x10DD;&#x10DC;&#x10DD;&#x10DB;&#x10D8;&#x10D9;&#x10E3;&#x10E0;&#x10D8; &#x10E4;&#x10DD;&#x10E0;&#x10DB;&#x10D0;&#x10EA;&#x10D8;&#x10D4;&#x10D1;&#x10D8;.</subfield>
  </datafield>
  <datafield tag="942" ind1=" " ind2=" ">
    <subfield code="2">udc</subfield>
    <subfield code="c">&#x1CAC;&#x1C98;&#x1C92;&#x1C9C;&#x1C98;</subfield>
  </datafield>
  <datafield tag="952" ind1=" " ind2=" ">
    <subfield code="0">0</subfield>
    <subfield code="1">0</subfield>
    <subfield code="2">udc</subfield>
    <subfield code="4">0</subfield>
    <subfield code="6">3303421113_&#x10DD;76</subfield>
    <subfield code="7">0</subfield>
    <subfield code="9">105149</subfield>
    <subfield code="a">CPL</subfield>
    <subfield code="b">CPL</subfield>
    <subfield code="c">GEN</subfield>
    <subfield code="d">2026-01-15</subfield>
    <subfield code="g">0.50</subfield>
    <subfield code="o">330.342.11/13 &#x10DD;-76</subfield>
    <subfield code="p">73461</subfield>
    <subfield code="r">2026-01-15</subfield>
    <subfield code="t">73461</subfield>
    <subfield code="w">2026-01-15</subfield>
    <subfield code="y">&#x1CAC;&#x1C98;&#x1C92;&#x1C9C;&#x1C98;</subfield>
    <subfield code="z">0.50 &#x10D7;.</subfield>
  </datafield>
  <datafield tag="952" ind1=" " ind2=" ">
    <subfield code="0">0</subfield>
    <subfield code="1">0</subfield>
    <subfield code="2">udc</subfield>
    <subfield code="4">0</subfield>
    <subfield code="6">3303421113_&#x10DD;76</subfield>
    <subfield code="7">0</subfield>
    <subfield code="9">105150</subfield>
    <subfield code="a">CPL</subfield>
    <subfield code="b">CPL</subfield>
    <subfield code="c">GEN</subfield>
    <subfield code="d">2026-01-15</subfield>
    <subfield code="g">0.50</subfield>
    <subfield code="o">330.342.11/13 &#x10DD;-76</subfield>
    <subfield code="p">73462</subfield>
    <subfield code="r">2026-01-15</subfield>
    <subfield code="t">73462</subfield>
    <subfield code="w">2026-01-15</subfield>
    <subfield code="y">&#x1CAC;&#x1C98;&#x1C92;&#x1C9C;&#x1C98;</subfield>
    <subfield code="z">0.50 &#x10D7;.</subfield>
  </datafield>
  <datafield tag="952" ind1=" " ind2=" ">
    <subfield code="0">0</subfield>
    <subfield code="1">0</subfield>
    <subfield code="2">udc</subfield>
    <subfield code="4">0</subfield>
    <subfield code="6">3303421113_&#x10DD;76</subfield>
    <subfield code="7">0</subfield>
    <subfield code="9">105151</subfield>
    <subfield code="a">CPL</subfield>
    <subfield code="b">CPL</subfield>
    <subfield code="c">GEN</subfield>
    <subfield code="d">2026-01-15</subfield>
    <subfield code="g">0.50</subfield>
    <subfield code="o">330.342.11/13 &#x10DD;-76</subfield>
    <subfield code="p">73463</subfield>
    <subfield code="r">2026-01-15</subfield>
    <subfield code="t">73463</subfield>
    <subfield code="w">2026-01-15</subfield>
    <subfield code="y">&#x1CAC;&#x1C98;&#x1C92;&#x1C9C;&#x1C98;</subfield>
    <subfield code="z">0.50 &#x10D7;.</subfield>
  </datafield>
  <datafield tag="952" ind1=" " ind2=" ">
    <subfield code="0">0</subfield>
    <subfield code="1">0</subfield>
    <subfield code="2">udc</subfield>
    <subfield code="4">0</subfield>
    <subfield code="6">3303421113_&#x10DD;76</subfield>
    <subfield code="7">0</subfield>
    <subfield code="9">105152</subfield>
    <subfield code="a">CPL</subfield>
    <subfield code="b">CPL</subfield>
    <subfield code="c">GEN</subfield>
    <subfield code="d">2026-01-15</subfield>
    <subfield code="g">0.50</subfield>
    <subfield code="o">330.342.11/13 &#x10DD;-76</subfield>
    <subfield code="p">73464</subfield>
    <subfield code="r">2026-01-15</subfield>
    <subfield code="t">73464</subfield>
    <subfield code="w">2026-01-15</subfield>
    <subfield code="y">&#x1CAC;&#x1C98;&#x1C92;&#x1C9C;&#x1C98;</subfield>
    <subfield code="z">0.50 &#x10D7;.</subfield>
  </datafield>
  <datafield tag="952" ind1=" " ind2=" ">
    <subfield code="0">0</subfield>
    <subfield code="1">0</subfield>
    <subfield code="2">udc</subfield>
    <subfield code="4">0</subfield>
    <subfield code="6">3303421113_&#x10DD;76</subfield>
    <subfield code="7">0</subfield>
    <subfield code="9">105153</subfield>
    <subfield code="a">CPL</subfield>
    <subfield code="b">CPL</subfield>
    <subfield code="c">GEN</subfield>
    <subfield code="d">2026-01-15</subfield>
    <subfield code="g">0.50</subfield>
    <subfield code="o">330.342.11/13 &#x10DD;-76</subfield>
    <subfield code="p">73465</subfield>
    <subfield code="r">2026-01-15</subfield>
    <subfield code="t">73465</subfield>
    <subfield code="w">2026-01-15</subfield>
    <subfield code="y">&#x1CAC;&#x1C98;&#x1C92;&#x1C9C;&#x1C98;</subfield>
    <subfield code="z">0.50 &#x10D7;.</subfield>
  </datafield>
</record>
